000 00625nam a2200253Ia 4500
003 OSt
005 20221007104304.0
006 a|||||r|||| 00| 0
007 ta
008 221006b |||||||| |||| 00| 0 eng d
024 _a15,415
037 _cTextual
040 _aLCO
_cLCO
_beng
041 _2eng
_aeng
082 _aZ2,91, N3
100 _aWacks Raymond
_9476646
245 0 _aJurisprudence
250 _a3rd
260 _aLondon
_bBlackstone Press Limited UK
_c1993
300 _a242
650 _aJURISPRUDENCE
942 _hZ2,91, N3
_cTEXL
999 _c1184978
_d1184978